[Event "WGM Mediterranean Golden Island KRK"]
[Site "Njivice"]
[Date "2006.09.13"]
[Round "5"]
[White "Sudakova, Irina"]
[Black "Vasilevich, Irina"]
[Result "1/2-1/2"]
[WhiteElo "2376"]
[BlackElo "2340"]
[PlyCount "77"]
[EventDate "2006.09.09"]

1. e4 c5 2. Nf3 e6 3. d4 cxd4 4. Nxd4 Nc6 5. Nc3 a6 6. Be2 Qc7 7. f4 b5 8. Nxc6
Qxc6 9. Bf3 Bb7 10. Be3 Qc7 11. O-O Ne7 12. Qd2 Ng6 $6 ({Doubtful novelty in
the Taimanov variation. Previously in chess history Black played only} 12...
Nc6 {and only twice: quick drawish in 1962 Minic-Gipslis, Match
USSR-Yugoslavia  and  forty  three  years  later,  in  game 
Sudakova-Gasparian,  EU-Cup  Women'2005} 13. Rad1 Na5 14. Qf2 Nc4 15. Bd4 Nxb2
16. Nd5 exd5 17. Rde1 O-O-O 18. Bxb2 Bc5 19. Bd4 Bxd4 20. Qxd4 Qc4 21. Qa7 dxe4
22. Be2 Qc6 23. a4 $44 {
Irina then won on move 52, so she was more than well prepared!}) 13. Qf2 Be7
14. g3 O-O 15. Rad1 d6 16. Rd2 Rac8 17. Rfd1 Qb8 18. h4 $1 {Diagram} f5 $1 19.
h5 Nh8 $2 (19... fxe4 20. Bg4 (20. Nxe4 $2 Ne5 $15) 20... Ne5 $1 21. Bxe6+ Kh8
$11 22. Bxc8 $6 Qxc8 $36) 20. exf5 $16 Rxf5 21. Bg4 Rf6 22. Bd4 e5 (22... Rh6
23. Qe2 $18) 23. Ba7 Qa8 24. Bxc8 Qxc8 25. Nd5 Bxd5 26. Rxd5 Qg4 27. Qg2 $1 Nf7
28. Be3 Rf5 (28... Qxh5 $2 29. g4 $18) 29. Rf1 Rxh5 30. fxe5 Bg5 $2 (30... Rxe5
31. Rxe5 dxe5 32. Qa8+ Bd8 33. Rf3 h5 34. Kg2 $18) 31. Bxg5 $18 Rxg5 $6 32.
Rxd6 Qc8 {Diagram} 33. Qd5 $6 (33. Rxf7 $1 Kxf7 34. Qd5+ Ke7 35. Rc6 Qd7 36.
Qc5+) 33... Rxg3+ 34. Kf2 Rg5 35. Re1 $4 {Diagram} (35. Rd7 Qe8 (35... Qf8 36.
Ke2 Rxe5+ 37. Qxe5 Nxe5 38. Rxf8+ Kxf8 39. Ra7) 36. Re1 Rf5+ 37. Kg1 Rg5+ 38.
Kh1 Rh5+ 39. Kg2 Rg5+ 40. Kh3) 35... Rf5+ $4 (35... Qf5+ 36. Qf3 Nxd6 37. exd6
Qxc2+ 38. Re2 Qc5+ 39. Qe3 Rf5+ 40. Kg2 Qxd6 $19) 36. Kg1 Rg5+ 37. Kf2 Rf5+ 38.
Kg1 Rg5+ 39. Kf2 1/2-1/2

[Event "WGM Mediterranean Golden Island KRK"]
[Site "Njivice"]
[Date "2006.09.12"]
[Round "4"]
[White "Golubenko, Valentina"]
[Black "Sudakova, Irina"]
[Result "1-0"]
[WhiteElo "2239"]
[BlackElo "2376"]
[PlyCount "89"]
[EventDate "2006.09.09"]

1. d4 Nf6 2. c4 e6 3. Nf3 b6 4. a3 Ba6 5. Qc2 c5 6. e4 cxd4 7. Nxd4 Bc5 8. Nb3
Nc6 9. Bg5 ({Despite this new move, the like position has been met in game
Lev-Taimanov, Tel-Aviv'1990} 9. Be2 O-O 10. O-O Rc8 11. Bg5 Be7 12. Bf4 {
with soon draw}) 9... O-O 10. Nc3 Be7 11. Be2 Rc8 12. f4 {
Valentina chooses more active move than Bf4 from the game Lev-Taimanov} h6 $1
13. Bh4 Nb8 $6 (13... e5 $1 $36) 14. e5 Ne8 15. Bxe7 Qxe7 16. Qe4 f5 17. Qd4 d6
18. Rd1 dxe5 19. Qxe5 Nc6 20. Qe3 Nd6 $11 {
Equality ... and a trap for Valentina.  Diagram} 21. Rxd6 $2 Qxd6 22. c5 bxc5
23. Bxa6 Nd4 24. Qd3 $8 Rc6 25. Bc4 {Diagram} Qxf4 $6 ({Understandable, but} 
25... Nxb3 $142 26. Qxd6 Rxd6 27. Bxb3 Rb8 $17 {with a bad _|_ for White}) 26.
Ne2 Qh4+ 27. g3 Qf6 $6 (27... Qe4 $1 28. Qxe4 fxe4 $15) 28. O-O $13 Kh7 29.
Nexd4 cxd4 30. Bb5 Rd6 31. Nc5 Qe7 32. Bc4 Rf6 $6 33. Rf4 $14 Rc6 $2 (33... Rb6
$142 34. b4 e5 35. Rxf5 e4 36. Qf1 g6 37. Rxf6 Rxf6) 34. b4 $16 e5 35. Rxf5 e4
{Diagram} 36. Rxf6 $1 $18 Rxc5 (36... exd3 37. Bxd3+ Kg8 38. Rxc6 Qe3+ 39. Kg2)
37. Re6 Qxe6 38. Bxe6 Rc1+ 39. Qf1 Rxf1+ 40. Kxf1 Kg6 41. b5 Kf6 42. Bc4 Ke5
43. a4 Kd6 44. a5 Kc5 45. b6 $1 {Diagram} 1-0